LEADER 01128nam a2200325 i 4500 001 991001981229707536 005 20020508184509.0 008 000405s|||| it ||| | grc 020 $a8817118753 035 $ab10941666-39ule_inst 035 $aPARLA152352$9ExL 040 $aDip.to Scienze dell'Antichità$bita 041 0 $agrcita 082 0 $a882 100 1 $aSophocles$0439098 245 10$aAntigone; Edipo re ; Edipo a Colono /$cSofocle ; introduzione, traduzione, premessa al testo e note di Franco Ferrari 260 $aMilano :$bBiblioteca universale Rizzoli,$c2000 300 $a403 p. ;$c19 cm. 490 0 $aBUR Pantheon 500 $aTesto greco a fronte. 650 4$aSofocle - Tragedie$xTraduzioni 700 1 $aFerrari, Franco 740 0 $aEdipo a Colono 740 0 $aEdipo Re 907 $a.b10941666$b23-02-17$c28-06-02 912 $a991001981229707536 945 $aLE007 880.1 Sophocles 2000-01$g1$i2015000044938$lle007$o-$pE0.00$q-$rl$s- $t0$u16$v0$w16$x0$y.i11048475$z28-06-02 996 $aEdipo re$947947 997 $aUNISALENTO 998 $ale007$b01-01-00$cm$da $e-$fgrc$git $h0$i1 LEADER 02538nam 2200517Ia 450 001 996385622303316 005 20231219231257.0 035 $a(CKB)4940000000078860 035 $a(EEBO)2240973716 035 $a(OCoLC)ocm12757085e 035 $a(OCoLC)12757085 035 $a(EXLCZ)994940000000078860 100 $a19851104d1686 uy | 101 0 $aeng 135 $aurbn#|||a|bb| 200 14$aThe gentlemans recreation$b[electronic resource] $ein two parts : the first being an encyclopedy of the arts and sciences ... the second part treats of horsmanship, hawking, hunting, fowling, fishing, and agriculture : with a short treatise of cock-fighting ... : all which are collected from the most authentick authors, and the many gross errors therein corrected, with great enlargements ... : and for the better explanation thereof, great variety of useful sculptures, as nets, traps, engines, &c. are added for the taking of beasts, fowl and fish : not hitherto published by any : the whole illustrated with about an hundred ornamental and useful sculptures engraven in copper, relating to the several subjects 210 $aLondon $cPrinted by S. Roycroft for Richard Blome ...$d1686 215 $a2 pts. ([16], 236, [1], 280, [4] p., [103] leaves of plates $cill., charts, coats of arms, plans 300 $aAdded engraved t.p. 300 $aDedication signed: Richard Blome. 300 $aPart 2 has special t.p. and separate paging with imprint: London : Printed for the Undertaker Richard Blome, 1686. 300 $aReproduction of original in Huntington Library. 300 $aApprobation of Charles II, "given ... the 14th day of February 1682/3," first preliminary leaf; engraved coats of arms of the "Benefactors to this work," f. 1-10. 330 $aeebo-0113 606 $aEncyclopedias and dictionaries$vEarly works to 1800 606 $aSports$zGreat Britain 606 $aAgriculture$vEarly works to 1800 606 $aScience$vEarly works to 1800 606 $aHunting$vEarly works to 1800 606 $aVeterinary medicine$vEarly works to 1800 615 0$aEncyclopedias and dictionaries 615 0$aSports 615 0$aAgriculture 615 0$aScience 615 0$aHunting 615 0$aVeterinary medicine 700 $aBlome$b Richard$f1635-1705.$01005190 801 0$bEAA 801 1$bEAA 801 2$bm/c 801 2$bUMI 801 2$bWaOLN 906 $aBOOK 912 $a996385622303316 996 $aThe gentlemans recreation$92310667 997 $aUNISA